000 00663nam a2200241Ia 4500
003 OSt
005 20220918205555.0
006 a|||||r|||| 00| 0
007 ta
008 220917b |||||||| |||| 00| 0 eng d
024 _a117,116
037 _cTextual
040 _aARTS
_cARTS
_beng
041 _2eng
_aeng
082 _aV671:3(x8(J)).N9, M5
100 _aPerifer Karen
_9115527
245 0 _aAgrarian reform under state capitalism in Algeria
260 _aBoulder
_bWestview
_c1985
300 _axviii, 265p.
_ccm.
650 _aHISTORY
942 _hV671:3(x8(J)).N9, M5
_cTEXL
_2CC
999 _c240406
_d240406